| 000 | 00475cam a2200169ua 4500 | ||
|---|---|---|---|
| 020 | _c37.50 | ||
| 041 |
_aeng _h |
||
| 082 |
_a519.5 _bAPR/EL |
||
| 100 | _aSprowls, Clay R . | ||
| 245 |
_aElementary statistics:For students of social science and business / _cR Clay Sprowls. _hTextual Documents |
||
| 260 |
_aNew York : _bMcGraw Hill Book Company , _c1955. |
||
| 300 |
_a392 : _b506 ; . |
||
| 365 | _a37.50 | ||
| 504 | _a | ||
| 942 | _cBK | ||
| 999 |
_c10508 _d10508 |
||